Score 0/10 Timer 04:00
0 Plays Today
Obvious Clue Answer % Correct
Christina who has had five platinum full-length albumsAguilera
79.4%
Arnold who is the one and only Governator of CahleefonyahSchwarzenegger
75%
Jake and Maggie who are successful sibling actorsGyllenhaal
61.5%
Ben who has won the Super Bowl twice as a QB for the SteelersRoethlisberger
60%
The largest city in New Mexico and home to the IsotopesAlbuquerque
55.6%
The first thing you typed without reading any of the cluesKyrgyzstan
42%
The party game where you list many things with the same letterScattergories
34.4%
Dan who is the voice of Homer Simpson and many other charactersCastellaneta
21.3%
Chuck who wrote Fight Club and Choke, among othersPalahniuk
20.1%
Antonie who improved the microscope and established microbiologyLeeuwenhoek
9.1%

You're not logged in!

Compare scores with friends on all Sporcle quizzes.
OR
Log In

Sporcle TV

Today on Sporcle TV


Watch our educational content, quiz creation guides, and fun videos on Sporcle TV.

Show Comments

Extras

Top Quizzes Today


Score Distribution

Paid Content

Your Account Isn't Verified!

In order to create a playlist on Sporcle, you need to verify the email address you used during registration. Go to your Sporcle Settings to finish the process.

Report this User

Report this user for behavior that violates our Community Guidelines.

Details: